000 00336nam a2200145Ia 4500
008 230718s9999 xx 000 0 und d
041 _aEng.
082 _a346.42
_bJAN-C
100 _aJanjua,Zia ul-Islam
245 0 _aCompany law in Pakistan
260 _aPakistan
_bNadeem law
_c2013
300 _a88
650 _aLaw
999 _c30257
_d30257